Явлението Петя Дубарова (Запис номер 68750)
[ съкратено ]
| 000 -Лидер | |
|---|---|
| Контролно поле с фиксирана дължина | 01945nam a2200433 c 4500 |
| 003 - Код на организацията, давaща контролен номер | |
| Контролно поле | BLK |
| 005 - Дата и час на последна редакция | |
| Контролно поле | 20240606102730.0 |
| 008 - Елементи от данни с фиксирана дължина | |
| fixed length control field | 180408b bul|||||r ||||||| ||bul|| |
| 010 ## - Наследен системен номер | |
| LC control number | KNG00073079000 |
| 020 ## - Международен стандартен номер на книга ISBN | |
| Международен стандартен номер на книга ISBN | 954-07-2437-6 |
| -- | издат.: Унив. изд. Св. Климент Охридски |
| 040 ## - Източник на каталожния запис | |
| Идентификатор на билиотеката - собственик на записа | BLK |
| 041 ## - Код за език | |
| Код за езика на текст/звукозапис или на отделно заглавие | Български |
| Код за езика КДБФ | Български |
| 080 ## - УДК | |
| Текстов определител УДК | Българска литература |
| УДК код - определител по УДК | 821.163.2 |
| УДК определител | (092) |
| УДК - код + определител | 821.163.2(092) |
| 080 ## - УДК | |
| Текстов определител УДК | Българска литература |
| УДК код - определител по УДК | 821.163.2 |
| УДК определител | -1.09 |
| УДК - код + определител | 821.163.2-1.09 |
| 080 ## - УДК | |
| Текстов определител УДК | Българска поетеса |
| УДК код - определител по УДК | 929 Дубарова, Петя Стойкова |
| УДК определител | |
| УДК - код + определител | 929 Дубарова, Петя Стойкова |
| 100 ## - Редна дума - Автор | |
| Автор | Топалова, Добрина Василева |
| R(LIN) | 294086 |
| 139 ## - Редно поле | |
| Редна дума | Топалова, Добрина Василева |
| Авторски знак | Ду - Д 92 |
| 245 10 - Сведения за заглавието | |
| Заглавие | Явлението Петя Дубарова |
| Подзаглавни данни | Т. 1 - |
| Редно поле (дума) | Добрина Василева Топалова. |
| Том | Т. 1 |
| Заглавие на том | Митът на Поета |
| 257 ## - Страна на издаване | |
| Страна на създаване/издаване | България |
| 260 ## - Област на издателските данни | |
| -- | София |
| Име на издателя, разпространителя и проч. | Унив. изд. Св. Климент Охридски |
| Година на издаване | 2006 - |
| 300 ## - Физическа характеристика | |
| Размери/Мащаб | 25 см |
| 380 ## - Жанр | |
| Жанр | Литературознание |
| 500 ## - Общи забележки | |
| Забележка | Офс. изд. |
| 600 14 - Име на лице, използвано като предмет | |
| За него / За нея | Дубарова, Петя Стойкова |
| 9 (RLIN) | 365274 |
| 650 #4 - Допълнително описание по предмет – тема | |
| Основно описание – тема или топоним | Поети, български - биографии |
| 9 (RLIN) | 277817 |
| 650 #4 - Допълнително описание по предмет – тема | |
| Основно описание – тема или топоним | Поезия, българска - теми, образи, сюжети |
| 9 (RLIN) | 242871 |
| 650 #4 - Допълнително описание по предмет – тема | |
| Основно описание – тема или топоним | Дубарова, Петя Стойкова |
| 9 (RLIN) | 365274 |
| 653 ## - Ключова дума – ненормативна | |
| Ключова дума | български поети |
| 653 ## - Ключова дума – ненормативна | |
| Ключова дума | творчество |
| 653 ## - Ключова дума – ненормативна | |
| Ключова дума | Петя Дубарова |
| 653 ## - Ключова дума – ненормативна | |
| Ключова дума | биографии |
| 760 1# - Описание на основната серия | |
| Редна дума на основното описание | Топалова, Добрина Василева |
| Място на издаване, издател и година | 2006 |
| Страници - том | 348 с. : с ил. |
| Заглавие | Т. 1 Митът на Поета |
| 852 ## - Местоположение | |
| Форматна сигнатура | Цб 232465 |
| 856 4# - Електронен адрес и достъп | |
| Електронен формат | pdf - файл |
| Път до файла /url/ | |
| 856 4# - Електронен адрес и достъп | |
| Електронен формат | pdf - файл |
| Път до файла /url/ | |
| 942 ## - АРТИКУЛИ | |
| Вид на библиотечния материал | Книги |
| Скрит в OPAC | Не |
| Koha issues (borrowed), all copies | 8 |
| 944 ## - СЪЗДАВАНЕ И РЕДАКЦИЯ на ЗАПИСА | |
| Създаване/Редакция | Създаване |
| Дата на регистрацията/редакция | 19.03.2007 |
| Служител, извършил регистрацията/редакцията | 30550 |
| Статус, дата на статуса | Кети Илиева |
| 944 ## - СЪЗДАВАНЕ И РЕДАКЦИЯ на ЗАПИСА | |
| Създаване/Редакция | Редакция |
| Дата на регистрацията/редакция | 13.03.2008 |
| Служител, извършил регистрацията/редакцията | |
| 999 ## - СИСТЕМНИ КОНТРОЛНИ НОМЕРА | |
| Koha biblionumber | 68750 |
| Koha biblioitemnumber | 68750 |
| Код за отписване | Код за изгубен артикул | Източник на класификационната схема | Код за повреда | Коз за рестрикции | Код за отдаване | Артикулен № | Име на библиотеката - собственик | Име на библиотеката, в която се намира в момента | Статус (Текущо местоположение) | Дата на вписване в системата | Местоположение - отдел | Цена в лева | Инвентарен номер | Систематично азбучна сигнатура | Баркод | Номер на екземпляра | Цена в евро | Служебна бележка | Служебен тип на артикула |
|---|---|---|---|---|---|---|---|---|---|---|---|---|---|---|---|---|---|---|---|
| Не е изгубен | Universal Decimal Classification | Не е повреден | без рестрикции | ползва се в читалня | 112932 | Регионална библиотека "Любен Каравелов" Русе | Регионална библиотека "Любен Каравелов" Русе | Читалня | 2007-03-19 | Читалня | 10.00 | 120000711388 | Ч 821.163.2.09(092)/Д 92 | 120000711388 | 1 | 5.11 | Дост: Pk Вид: Ф N: 2641 Дата: 06.03.2007 Дата инв: 27.03.2017 Бележки инв: Ч2017 | Книги | |
| Не е изгубен | Universal Decimal Classification | Не е повреден | без рестрикции | заемане за дома | 112933 | Регионална библиотека "Любен Каравелов" Русе | Регионална библиотека "Любен Каравелов" Русе | Заемна - подръчен фонд | 2007-08-16 | Заемна - подръчен фонд | 10.00 | 120000716716 | П 821.163.2.09(092)/Д 92 | 120000716716 | 2 | 5.11 | Дост: Pk Вид: Ф N: 7450 Дата: 14.08.2007 Дата инв: 07.02.2018 Бележки инв: П2018 | Книги | |
| Не е изгубен | Не е повреден | без рестрикции | ползва се в читалня | 112934 | Регионална библиотека "Любен Каравелов" Русе | Регионална библиотека "Любен Каравелов" Русе | Хранилище | 2008-02-22 | Хранилище | 10.00 | 120000723761 | Цб 232465 | 120000723761 | 3 | 5.11 | Дост: Dp Вид: Д N: 49 Дата: 15.11.2007 | Книги |